| 000 | 00648nam a2200181Ia 4500 | ||
|---|---|---|---|
| 008 | 090630s9999 xx 000 0 und d | ||
| 082 | _b23674 | ||
| 100 | _aस्वामी आनंद ऋषी. | ||
| 245 |
_aमला उमजलेले ओशो. _cस्वामी आनंद ऋषी. |
||
| 260 |
_bउन्मेष - पुणे. _c2002 |
||
| 300 | _a335 | ||
| 600 | _aस्वामी आनंद ऋषी. | ||
| 630 | _aमला उमजलेले ओशो. | ||
| 655 | _a--- | ||
| 700 | _aस्वामी आनंद ऋषी. | ||
| 730 | _aमला उमजलेले ओशो. | ||
| 942 | _cBOOK | ||
| 999 |
_c275530 _d275530 |
||